El destino de ser mujer / (Record no. 26324)

MARC details
000 -LEADER
campo de control de longitud fija 00615nam a2200205 i 4500
001 - NÚMERO DE CONTROL
campo de control 26324
003 - IDENTIFICADOR DE NÚMERO DE CONTROL
campo de control ES-MaACL
005 - FECHA Y HORA DE LA ÚLTIMA TRANSACCIÓN
campo de control 20230906153425.0
007 - CAMPO FIJO DE DESCRIPCIÓN FÍSICA--INFORMACIÓN GENERAL
campo de control de longitud fija t|
008 - DATOS DE LONGITUD FIJA--INFORMACIÓN GENERAL
campo de control de longitud fija 030108s1962 sp ||||1| spa d
080 ## - NÚMERO DE LA CLASIFICACIÓN DECIMAL UNIVERSAL
Número de la Clasificación Decimal Universal 396
100 1# - ENTRADA PRINCIPAL--NOMBRE DE PERSONA
Nombre de persona Aumont, Michele.
9 (RLIN) 23919
245 13 - MENCIÓN DEL TÍTULO
Título El destino de ser mujer /
Mención de responsabilidad, etc. Michele Aumont ; [traducción, Ángeles Maragall].
260 ## - PUBLICACIÓN, DISTRIBUCIÓN, ETC.
Lugar de publicación, distribución, etc. Barcelona :
Nombre del editor, distribuidor, etc. Estela,
Fecha de publicación, distribución, etc. [1962]
300 ## - DESCRIPCIÓN FÍSICA
Extensión 190 p. ;
Dimensiones 23 cm.
650 #4 - PUNTO DE ACCESO ADICIONAL DE MATERIA--TÉRMINO DE MATERIA
Término de materia o nombre geográfico como elemento de entrada Mujeres-
Subdivisión general Situación social-
Subdivisión cronológica S.XX.
9 (RLIN) 167814
650 #4 - PUNTO DE ACCESO ADICIONAL DE MATERIA--TÉRMINO DE MATERIA
Término de materia o nombre geográfico como elemento de entrada Mujeres-
Subdivisión general Moral práctica.
9 (RLIN) 154966
700 1# - ENTRADA AGREGADA--NOMBRE PERSONAL
Nombre de persona Maragall, Ángeles.
9 (RLIN) 76291
852 4# - LOCALIZACIÓN
Ubicación ES-MaACL
Número de control de estantería C-21612
Holdings
Estatus retirado Estado de pérdida Estado de daño No para préstamo Biblioteca de origen Biblioteca actual Ubicación en estantería Fecha de adquisición Fuente de adquisición Total de préstamos Signatura topográfica completa Código de barras Visto por última vez Precio de reemplazo Tipo de ítem Koha
        Biblioteca del Ateneo de Madrid Biblioteca del Ateneo de Madrid Galería 17/01/2008     C-21612 1027166 23/02/2023 23/02/2023 Libro impreso